| 000 | 00862cab a2200253 4500 | ||
|---|---|---|---|
| 001 | WB3440-23 | ||
| 008 | 090401t1998 xxu||||| |||| 00| 0 eng d | ||
| 035 | _a(Sirsi) u89113 | ||
| 041 | _aeng | ||
| 245 | _aOff-road vehicles let loose | ||
| 260 | _c1998 | ||
| 350 | _a0 | ||
| 490 |
_aDaily Telegraph _v19 October 1998, 5(1) |
||
| 520 | _aThe Countryside Commission report "Rights of Way in the 21st Century" calls for `green lanes` such as footpaths and bridleways to be opened up to off-road vehicles. Other organisations such as the Ramblers` Association disagree with the proposal. | ||
| 650 | _aBYWAYS | ||
| 650 | _aCOUNTRYSIDE COMMISSION | ||
| 650 | _aGREEN LANES | ||
| 650 | _aRAMBLERS ASSOCIATION | ||
| 650 | _aRIGHTS OF WAY | ||
| 650 | _aSUSTRANS | ||
| 690 | _aHIGHWAYS RIGHTS OF WAY AND EASEMENTS | ||
| 942 | _n0 | ||
| 948 | _c20/10/1998 | ||
| 999 |
_c56342 _d56342 |
||